000 00721nam a2200229 a 4500
001 57779
003 BD-RjUL
005 20211209080542.0
008 161211s1993 ii a b 00100 eng d
020 _a8171005187
035 _a(BD-RjUL)57903
040 _aANL
_beng
_cANL
_dBD-RjUL
041 _aeng
082 0 _a304.60954
_223
_bGHP 1993
100 1 _aGhosh, B. N.
_9171594
245 1 0 _aPopulation economics :
_ban analysis of human resources development /
_cB.N. Ghosh.
260 _aNew Delhi :
_bDeep & Deep Publications,
_cc1993.
300 _axiii, 436 p. :
_bill. ;
_c22 cm.
504 _aIncludes bibliographical references (p. [427]-430) and index.
651 0 _aIndia
_xPopulation
_9171595
942 _2ddc
_cBK
999 _c57779
_d57779